Statistics for Song Lyrics Rammstein - Moskau

Click here to take the quiz!

General Stats

  • This quiz has been taken 7 times
  • The average score is 104 of 143

Answer Stats

Answer% Correct
Brüste
100%
Moskau
100%
alt
86%
die
86%
Die
86%
du
86%
Sie
86%
sie
86%
sind
86%
und
86%
auf
71%
aus
71%
bezahle
71%
das
71%
der
71%
Diese
71%
Dirne
71%
doch
71%
eine
71%
für
71%
Geld
71%
Gold
71%
Hat
71%
hold
71%
ich
71%
Ich
71%
Ihr
71%
ihr
71%
Ihre
71%
Ist
71%
ist
71%
mich
71%
mir
71%
Mund
71%
muss
71%
neu
71%
nur
71%
Pudert
71%
rote
71%
schön
71%
schönste
71%
sehe
71%
sich
71%
so
71%
Stadt
71%
Stirn
71%
tanzt
71%
trotzdem
71%
Welt
71%
Zähne
71%
alte
57%
Atem
57%
bezahlen
57%
dafür
57%
fett
57%
Flecken
57%
gebaut
57%
geil
57%
hält
57%
Haut
57%
in
57%
kann
57%
leide
57%
macht
57%
mit
57%
nicht
57%
nie
57%
Qualen
57%
schläft
57%
siehst
57%
Tale
57%
was,
57%
was
57%
Wenn
57%
widerstehen
57%
zieht
57%
fällt
43%
zu
43%

Score Distribution

Percentile by Number Answered

Percent of People with Each Score

Your Score History

You have not taken this quiz